[Event "WCh Women 2018"]
[Site "Chongqing/Shanghai CHN"]
[Date "2018.05.09"]
[Round "5"]
[White "Tan, Zhongyi"]
[Black "Ju, Wenjun"]
[Result "0-1"]
[WhiteElo "2522"]
[BlackElo "2571"]
[EventDate "2018.05.03"]
[Annotator "Bojkov,Dejan"]
[PlyCount "70"]
[Beauty "7976828017696"]
[EventType "match"]
[EventRounds "4"]
[EventCountry "CHN"]

1.e4 e5 2.Bc4 {The Bishop opening is often used to avoid the Petroff Defense.} 2...Nf6 3.d3 c6 ( {When she faced 2.Bc4 for the first time, Ju played} 3...Bc5 4.Nc3 Nc6 5.Bg5 h6 6.Bh4 Be7 7.Bg3 d6 8.a4 O-O 9.Nge2 Be6 {and lost after 55 moves in Naiditsch,A (2702)-Ju Wenjun (2574) Douglas (Isle of Man) 2017} ) 4.Nf3 d5 ( {Ju has only faced the Bishop Opening twice. In her other game she went} 4...Be7 5.O-O d6 6.Bb3 O-O 7.c3 Nbd7 8.Re1 Re8 9.d4 Bf8 10.Bc2 b6 11.Nbd2 Bb7 12.Nf1 Qc7 {Harika,D (2504)-Ju Wenjun (2567) Huai'an CHN 2017} ) 5.Bb3 a5 ( 5...dxe4 $2 {is known to be bad after} 6.Ng5 ) 6.a4 Bb4+ {One of the good continuations for Black. Ju deprives the opponent's knight of the c3 square.} 7.c3 Bd6 8.O-O ( {The alternative is:} 8.Nbd2 O-O 9.O-O Nbd7 10.Re1 Re8 11.h3 h6 12.Nf1 Nf8 13.Ng3 Ng6 {as in Leko, P (2691) -Li,C (2732) Riadh 2017} ) 8...O-O 9.exd5 cxd5 10.Na3 ( {Perhaps it makes sense to throw in} 10.Bg5 {first. For example:} 10...Be6 11.Na3 Nbd7 12.Nb5 Bb8 13.Re1 Ra6 14.d4 e4 15.Nd2 h6 16.Bh4 g5 17.Bg3 {with a complicated position as in Patel,A (2410)-Yu,J (2279) Irving 2017} ) 10...Nbd7 11.Re1 h6 {Now the Bc1 feels uncomfortable.} 12.Nb5 Bb8 13.d4 {Sooner or later White will have to fight for the center.} ( {But it seems as} 13.h3 {should have been included first.} ) 13...e4 14.Nd2 Nb6 15.f3 $146 {The point behind Tan's 13.d3-d4. However, it turns out that Black's center is more stable than it seems.} ( {The only predecessor saw White burn in flames after:} 15.c4 Bxh2+ 16.Kxh2 Ng4+ 17.Kg3 f5 18.Nxe4 fxe4 19.f3 exf3 20.gxf3 Nf6 21.Re5 Nxc4 22.Bxc4 dxc4 23.Qe2 Qd7 24.Qh2 Qf7 25.Qh4 Ng4 26.f4 Nxe5 {0-1 (26) Schmieder,S (1709)-Ottenburg,R (1833) Frankfurt 2017} ) 15...Re8 16.Bc2 Bd7 $1 {Super-calm and very good.} ( {The immediate} 16...exf3 17.Rxe8+ Qxe8 18.Nxf3 {would lead to approximate equality.} ) 17.Rb1 ( {It turns out that the central pawn is immune-} 17.fxe4 Bg4 18.Nf3 dxe4 19.h3 Bxf3 20.gxf3 Qd7 {would be disastrous for the white king.} ) 17...exf3 ( {Also good is to bring the knight into the game with:} 17...Nc8 18.b3 Nd6 ) 18.Nxf3 Ne4 19.Ne5 {Not happy with the outcome of the opening, Tan decided to sacrifice a pawn.} ( {The alternatives were no better-} 19.Be3 Nc4 ) ( {Or} 19.Bd3 Qf6 {are both excellent for Black.} ) 19...Bxe5 20.dxe5 Bxb5 {Subtle.} ( 20...Rxe5 21.Bf4 Rf5 22.Bc7 {leads to complications, which is exactly what White was hoping for. True, it is not too bad for Black after} 22...Qf6 23.Nd4 Rg5 24.Qf3 Qxf3 25.Nxf3 Rg6 26.Ne5 Re6 27.Bxb6 Rxe5 {with approximate equality.} ) 21.axb5 Rxe5 22.Be3 ( {Here} 22.Bf4 Re6 {is good for the second player.} ) 22...Re6 23.Bd4 {The dark-squared white bishop is an excellent piece, but Black's knights are great as well. Ju finds a way to bring them into their optimal squares. All in all, the compensation for the pawn is insufficient.} 23...Nc4 24.Bd3 ( {Or} 24.Qh5 Qg5 {but in hindsight this might have been White's best chance.} ) 24...Qg5 25.b3 Ncd6 26.Rb2 Rae8 ( {Also great was the immediate} 26...Nf5 $1 27.Bf2 Rae8 ) 27.Rbe2 Nf5 {Black's maneuvers were more usefuk than White's. She is close to winning.} 28.Bc2 Nh4 29.Qd3 Ng6 {Solid and good.} ( {There was a tricky tactical idea as well:} 29...f5 30.Qh3 Nf2 $3 31.Kxf2 Qf4+ 32.Kg1 Rxe2 {with a win.} ) 30.Be3 ( {The last chance was} 30.Qf3 Nf4 31.Re3 ) 30...Qh5 31.c4 Ne5 $1 {This wins by force.} 32.Qd4 ( {Instead} 32.Qxd5 {loses loads of material after} 32...Nc3 33.Qd2 Nxe2+ 34.Rxe2 Ng4 ) 32...Rg6 33.Bxe4 dxe4 34.Kf1 ( 34.Qxe4 Nf3+ {drops the queen.} ) 34...Nf3 $1 35.Qd7 ( {Or mate after} 35.gxf3 Qh3+ 36.Kf2 Qg2# ) 35...Nxh2+ ( {It is forced mate after} 35...Nxh2+ 36.Kg1 Nf3+ 37.Kf2 Qh4+ ) 0-1

[Event "WCh Women 2018"]
[Site "Chongqing/Shanghai CHN"]
[Date "2018.05.16"]
[Round "9"]
[White "Tan, Zhongyi"]
[Black "Ju, Wenjun"]
[Result "1/2-1/2"]
[WhiteElo "2522"]
[BlackElo "2571"]
[EventDate "2018.05.03"]
[Annotator "Bojkov,Dejan"]
[PlyCount "160"]
[Beauty "4261144429063"]
[EventType "match"]
[EventRounds "4"]
[EventCountry "CHN"]

1.d4 Nf6 2.c4 e6 3.Nc3 Bb4 {The Nimzo-Indian had always had solid reputation.} 4.Qc2 d5 {But this is a surprise. So far Ju has always played either:} ( 4...O-O {as one of the games between the two players in Teheran. That game saw:} 5.Nf3 d5 6.cxd5 exd5 7.Bg5 h6 8.Bh4 c5 9.dxc5 Be6 10.e3 Nbd7 11.a3 Bxc3+ 12.Qxc3 g5 {Tan,Z (2502)-Ju,W (2583) Teheran 2017} ) ( {Or} 4...c5 {The latest example being:} 5.dxc5 O-O 6.a3 Bxc5 7.Nf3 b6 8.e4 Bb7 9.b4 Be7 10.e5 Ne8 11.Bd3 f5 {Girya,O (2444)-Ju,W (2578) Chengdu 2016} ) 5.a3 Bxc3+ 6.Qxc3 Ne4 7.Qc2 c5 ( {Probably the reason for Ju's choice of this opening line was the only game that the world champion played in it. It was played in the distant 2010 and finished disastrously for White after:} 7...Nc6 8.Nf3 e5 9.dxe5 Bf5 10.cxd5 Qxd5 11.Qd3 Qe6 12.Qb5 O-O-O 13.e3 Rd5 14.Qa4 Rhd8 15.Be2 Nc5 16.Qh4 Qg6 17.O-O Nb3 18.Qf4 Be6 19.e4 Rd4 20.Nh4 Qxe4 {0-1 (20) Tan,Z (2464)-Guo,Q (2143) China 2010} ) 8.dxc5 Nc6 9.Nf3 Qa5+ 10.Bd2 Nxd2 ( {In Shamkir Karjakin chose instead:} 10...Qxc5 11.e3 Nxd2 12.Nxd2 dxc4 13.O-O-O Qf5 14.Ne4 O-O 15.Bxc4 Ne5 {and managed to repel White's attack after} 16.g4 Nxg4 17.Rhg1 Nf6 18.Bd3 Nxe4 19.Bxe4 Qh5 20.f4 f5 {in Mamedyarov,S (2814)-Karjakin,S (2778) Shamkir 2018} ) 11.Qxd2 dxc4 12.Qxa5 Nxa5 13.e3 b5 14.cxb6 axb6 $146 {A solid, sound novelty. Black needs to hold in the last two games to triumph with the title and Ju plays the opening very safe.} ( {There was absolutely no need to sacrifice a pawn as in the predecessor:} 14...Bb7 15.bxa7 Bxf3 16.gxf3 Ke7 17.Rg1 Rxa7 18.Rxg7 Rb8 {Benes,M (1950)-Malinovsky,K (2348) Brno 2010} ) 15.Nd2 b5 ( {Also good is} 15...Ba6 ) 16.a4 {Tan has to trade more pawns as otherwise there is a serious risk that her bishop remains workless on the f1-a6 diagonal.} 16...Nb7 17.Ra3 Rxa4 18.Rxa4 bxa4 19.Bxc4 Bd7 {The opening outcome is perfect for Black. Ju's only weakness can be easily defended by both the knight and the bishop, whereas the pawn on b2 does not look great at the moment.} ( {Another good set-up was:} 19...Nd6 20.Bd3 Ke7 ) 20.Ne4 Ke7 21.Ke2 ( {After} 21.Kd2 Rb8 22.Kc3 {Black can play actively with} 22...Bc6 ) 21...Rb8 $1 {Hitting the weakness on b2.} 22.Rb1 Bc6 23.Nc3 ( {Of course not} 23.f3 Bxe4 24.fxe4 Nc5 {which is horrible for White.} ) 23...Nc5 {Black managed to arrange her pieces optimally and stands even slightly better. She can now search for weaknesses on the wing where she is stronger--the kingside.} 24.f3 f5 $1 25.Kd2 g5 26.Be2 h5 27.Kc2 g4 {Things start to look grim for the world champion. Ju threatens to open the g-file and seize it with the rook. Next there will be second-rank penetration and will all go downhills for White.} 28.Rd1 $1 {In a difficult moment Tan demonstrates again her enormous defensive skills.} 28...Rg8 29.Rd4 gxf3 30.Bxf3 ( {But not} 30.gxf3 Rg2 31.Kd1 Rxh2 ) 30...Bxf3 31.gxf3 {in both cases Blck retains winning chances, although White should be objectively able to hold.} 31...Rg2+ 32.Rd2 Rg1 ( 32...Rg8 ) 33.Rd4 $6 {Only this is inaccurate.} 33...Rf1 34.Nxa4 e5 {An unpleasant in-between move.} ( 34...Nxa4 35.Rxa4 Rxf3 36.Kd3 {would have been easier to defend for White.} ) 35.Rh4 Rf2+ {A tricky in-between check.} 36.Kd1 ( {Actually, Tan could have transposed into that line with:} 36.Kc3 Nxa4+ 37.Rxa4 Rxf3 38.Kd3 ) 36...Nxa4 37.Rxa4 Rxf3 38.Ke2 $1 {Once again, on the verge of the defeat (and the end of the match!) the world champion plays like a lion(ess)!} ( 38.Rh4 $2 {would have kept the material equal, but the connected passers should win for Black after} 38...Rxe3 39.Rxh5 Ke6 ) 38...Rh3 39.Ra6 $1 {Giving two pawns in one go, but keeping the black king away.} 39...Rxh2+ 40.Kf3 Rh3+ ( {After} 40...e4+ 41.Kf4 Rf2+ 42.Ke5 {the active white pieces guarantee her the draw.} ) ( {As Peter Doggers pointed out,} 40...h4 $1 {was Black's best chance, for example:} 41.Rh6 Kf7 42.b4 Kg7 43.Rh5 Kg6 44.Rh8 Kf6 45.e4 ( {but not} 45.b5 $4 e4+ 46.Kf4 Rf2# ) 45...Rh3+ 46.Kg2 Rg3+ 47.Kf2 f4 48.Rxh4 Kg5 $1 ( 48...Re3 {does not win after} 49.Rh1 $1 Rxe4 50.Rb1 ) ( 48...Rb3 {is not sufficient either because of} 49.Rh6+ Kg5 50.Re6 ) 49.Rh7 Re3 50.b5 Rxe4 51.b6 Rb4 52.b7 Rb3 {and this should be winning for Black.} ) 41.Kf2 Rh2+ ( {Whenever the e-pawn advances it limits the pawn duo potential and makes things easier for White. For example:} 41...e4 42.b4 h4 43.Rh6 Kf7 44.b5 Rh2+ 45.Kf1 Kg7 46.Rh5 Kg6 47.Rh8 Rb2 48.Rxh4 Rxb5 49.Rh8 ) 42.Kg3 Re2 43.Kf3 Rxb2 44.Rh6 Rh2 {Now it seems as Black have enough resources to win the game, however...} ( {Nothing gives:} 44...Rb3 45.Rxh5 ( 45.Kf2 ) 45...f4 46.Rxe5+ ) 45.e4 $3 {This saves the day!} ( {Instead, something normal like} 45.Kg3 {would have lost after} 45...Rh1 46.Kg2 Rh4 47.Kg3 Rg4+ 48.Kf3 e4+ 49.Kf2 h4 ) 45...Rh4 {The only chance.} ( {The tactical point behind the pawn push is revealed after} 45...f4 46.Re6+ $3 Kxe6 {stalemate!} ( 46...Kf7 47.Rf6+ {will make the rook rampant.} ) ) ( {To an instant draw leads:} 45...Rh3+ 46.Kg2 ) ( {Or} 45...fxe4+ 46.Kxe4 Re2+ 47.Kd5 {with a draw.} ) 46.exf5 Rf4+ 47.Ke3 Rxf5 48.Ke4 Rg5 {The pawns are defended almost perfectly. Almost, because the king cannot use the fifth rank and this is the reason why Black cannot win.} 49.Ra6 Kf7 ( 49...h4 {drops the pawn after} 50.Rh6 ) 50.Ra7+ Kg6 51.Ra6+ Kg7 52.Ra7+ Kh6 53.Ra8 ( {Also good was:} 53.Ra6+ Rg6 54.Ra1 Re6 55.Kf5 Re7 56.Ra6+ Kg7 57.Rg6+ $1 Kh7 58.Rg5 $1 {with a draw.} ) 53...Rg7 54.Kxe5 Kg5 55.Ke4 Kg4 56.Ke3 Kg3 57.Ke2 Kg2 58.Rh8 Re7+ ( {Or} 58...Rg5 59.Ke3 ) 59.Kd2 Re5 60.Rg8+ Kh3 61.Rg7 {This would have been a win for Black if the white king was cut along the d-file. Here it is close enough to block the enemy one.} 61...h4 62.Rg8 Kh2 63.Rg4 h3 64.Rg8 Re6 65.Rg7 Re8 66.Rg6 Ra8 ( {Or} 66...Kh1 67.Rg7 h2 68.Rg6 Ra8 69.Ke2 Ra1 70.Kf2 {which is similar to the game.} ) 67.Ke2 Ra2+ 68.Kf1 Rg2 69.Rf6 Rg5 70.Rf2+ Kh1 71.Rf6 Rg1+ 72.Kf2 Rg2+ 73.Kf1 h2 74.Rf8 Rg1+ 75.Kf2 Rg2+ 76.Kf1 Ra2 77.Rf7 Ra1+ 78.Kf2 Ra2+ 79.Kf1 Ra1+ 80.Kf2 Ra2+ {We are heading for the exciting culmination of the event on Friday!} 1/2-1/2

[Event "WCh Women 2018"]
[Site "Chongqing/Shanghai CHN"]
[Date "2018.05.18"]
[Round "10"]
[White "Ju, Wenjun"]
[Black "Tan, Zhongyi"]
[Result "1/2-1/2"]
[WhiteElo "2571"]
[BlackElo "2522"]
[EventDate "2018.05.03"]
[Annotator "Bojkov,Dejan"]
[PlyCount "139"]
[Beauty "4678293127722"]
[EventType "match"]
[EventRounds "4"]
[EventCountry "CHN"]

1.d4 g6 {A fact: nowadays, the decisive games often see some irregular opening choices. The Pirc/Modern defenses are notorious for that. Some examples that come to my mind are Ivanchuk-Kramnik, FIDE Candidates' London 2013 and Karpov-Kortschnoi, Baguio City 1978.} 2.Nf3 Bg7 3.e4 {Shifting to the Modern/Pirc.} 3...d6 4.Bc4 e6 {Keeping it as original as possible.} ( {The alternative was tried in a recent game from the USA championship-} 4...Nf6 5.Qe2 O-O 6.O-O Nc6 7.e5 Ng4 8.h3 Nh6 9.Nc3 {with advantage for White in Izoria,Z (2599)-Nakamura,H (2787) Saint Louis 2018} ) 5.O-O Ne7 6.a4 ( 6.Bb3 {is also possible, for example-} 6...h6 7.c3 Nd7 8.a4 a5 9.Ne1 b6 10.f4 Ba6 11.Rf2 d5 12.e5 h5 {and Black was OK in Bosiocic,M (2610)-Rapport,R (2696) Karlsruhe 2017} ) 6...Nd7 {Spassky used a similar set-up in his first match against Petrosian in order to avoid the theoretical lines. Later, however, he admitted it was a mistake and he went for the main lines in their second match in 1969.} 7.c3 a5 8.Re1 b6 9.Na3 h6 10.Bd3 $146 {Solid and new.} ( {Instead:} 10.h3 Bb7 11.Bf4 {may lead to exactly what Black wants after} 11...g5 12.Bg3 Ng6 13.Qd2 Nf6 14.Bd3 Nh5 15.Bh2 Nhf4 {with a double-edged, irregular position in Huss,A (2313)-Romanov,E (2640) Zuerich 2017} ) 10...Bb7 11.Nc4 O-O 12.Qe2 {Centralization and prophylaxis.} 12...e5 {Objectively speaking, a mistake. But such final games have their own laws and we are not in the position to criticise any of the players' decisions.} ( {The ide behind Ju's last move is demonstrated in the line} 12...f5 $2 13.exf5 ) ( {Objectively best was} 12...d5 13.exd5 Nxd5 {but then how to play for a win after something solid, like} 14.Nce5 ) 13.dxe5 dxe5 14.b3 {It turns out that Black's position is very unpleasant. f7-f5 is impossible, there are no outposts for the black knights. And the rooks are not comfortable as the queen stays on their road.} 14...Qb8 ( {The alternatives are not convincing:} 14...Nc6 15.Ba3 Nc5 16.Rad1 Qe7 17.Ne3 {with solid edge for White.} ) ( {Similar is:} 14...Nc5 15.Bc2 Nc8 16.Ba3 Nd6 17.Rad1 ) ( {Finally, a move like:} 14...g5 {only weakens Black's positon and} 15.Ba3 Re8 16.Ne3 Ng6 17.g3 {leads again to clear advantage for White.} ) 15.Ba3 c5 {Leads to a permanent of the d5 square. But what else could Tan do?} ( 15...Re8 16.Rad1 {leaves Black no useful moves. The knights are clumsy as they have to defend the e5 pawn.} ) 16.Rad1 Rd8 17.Bc1 $1 {The bishop has done its job, time to change the operating diagonal. From here it pressurizes the kingside and makes sure there will be no black bishop out soon.} ( {Although} 17.Ne3 {should be comfortable for White as well after} 17...Nf6 ( {Not:} 17...Bc6 $6 18.Bc4 Bxe4 $2 19.Bxf7+ $1 Kxf7 20.Qc4+ ) 18.Nd2 h5 $1 19.f3 Bh6 20.Ndc4 {but this is playable for Black at least.} ) 17...Bc6 18.Bc2 {Ju is consistently playing on the d-file and the queenside.} 18...Qc7 19.Na3 g5 {And the world champion decides to risk! However:} 20.h4 $1 {Is an excellent counter-strike. White is better prepared for the kingside play.} 20...g4 ( 20...f6 {weakens the light squares for life and White can easily exploit that with} 21.Bd3 ) 21.Nh2 h5 22.f3 $1 gxf3 23.Qxf3 {Black's attack backfired. She loses a pawn.} 23...Ng6 ( {If} 23...Nf6 24.Bg5 ) 24.Bg5 ( {A bit more precise than} 24.Qxh5 Nf6 25.Rxd8+ Rxd8 26.Qg5 {when Black is at least taking the open file.} ) 24...f6 25.Qxh5 ( 25.Be3 $5 ) 25...Ndf8 26.Be3 Be8 27.Qg4 {Ju won a pawn and kept a huge positional advantage. Essentially this should be curtains, but Tan once again demonstrates her incredible fighting spirit and does not give up.} 27...Bd7 28.Qh5 ( {In a different situation White would have played something like} 28.Qg3 Nf4 29.Ng4 Kh8 30.Qf3 {followed by g2-g3 and would have converted the advantage with ease.} ) 28...Be6 29.Nb5 Qe7 30.Ng4 Rxd1 31.Rxd1 Rd8 32.Rxd8 {Another demonstration of the word solidity. There will be no random chaances allowed!} ( 32.Rf1 {to play for the attack was also great.} ) 32...Qxd8 33.Nh6+ Bxh6 34.Bxh6 Bf7 ( {Or else White can keep on trading.} 34...Qd7 {might have transposed to the note from above.} 35.Bxf8 Nxf8 36.Qd1 ) 35.Qg4 Be6 36.Qg3 Kh7 37.Be3 Qd7 38.Qf2 Qe7 39.g3 Bg4 40.Qd2 Ne6 41.Kh2 ( {It made sense to swap the light-squared bishops off with} 41.Bd1 Bxd1 42.Qxd1 {followed by a transfer of the white knight to c4 (or even f5). Since the black knights are limited, there is no counterplay.} ) 41...Ng7 42.Nd6 Qd7 43.Nc4 Qf7 44.Nd6 {Solidity makes World Champion!} ( {There was nothing wrong with} 44.Nxb6 ) 44...Qg8 45.Qf2 Qd8 ( {Or} 45...Qf8 46.Nc4 Qd8 47.Qd2 ) 46.Qd2 Nh5 47.Nf5 Qg8 ( {Once the queens leave the board} 47...Qxd2+ 48.Bxd2 {the match would be over.} ) 48.Qd5 Qf8 49.Bh6 Qe8 50.Qb7+ Kg8 51.Ng7 {SOLIDITY.} ( {Again there was nothing wrong with} 51.Qxb6 Qd7 52.Qb5 ) 51...Qe7 {Forced.} ( 51...Qd8 52.Nxh5 ) 52.Qxe7 Nxe7 53.Nxh5 {The crown is within her reach.} 53...Bxh5 54.Kg2 Kf7 55.Kf2 Nc8 56.Bd2 Nd6 57.b4 {Now a pawn is traded.} 57...Ke7 ( 57...Nc4 $2 58.Bb3 ) 58.bxa5 bxa5 59.Be3 Nb7 ( {Or} 59...c4 60.Bc5 ) 60.Bb3 Kd6 61.Bc4 Nd8 62.Be2 Be8 63.Bd1 Bg6 64.Kf3 Ne6 65.g4 Bf7 66.Bc2 Kc6 67.Kg3 c4 68.h5 Ng5 69.Bxg5 {Completely blocking it.} 69...fxg5 70.Kf3 {And this is it! Ju Wenjun is the new world champion! Congratulations to both players for the fantastic match they have played!} 1/2-1/2